000
00304nam a22001337a 4500
003
SGT
020
_a
9789390142743
082
_a
370,YAD
100
_a
YADAV,PRIYANKA
245
_a
DRAMA & ARTS IN EDUCATION AND SOCIAL EDUCATION
260
_a
NEW DELHI
_b
RENOVA
_c
2024
300
_a
224
942
_2
ddc
_c
BK
999
_c
27192
_d
27192